Statistics for Survivor Seasons

Click here to take the quiz!

General Stats

  • This quiz has been taken 1,245 times
  • The average score is 19 of 24

Answer Stats

Answer% Correct
#2Australian Outback
93%
#1Borneo
93%
#3Africa
91%
#15China
87%
#8All-Stars
83%
#19Samoa
83%
#14Fiji
82%
#7Pearl Islands
82%
#13Cook Islands
81%
#16Micronesia-Fans vs Favorites
79%
#6Amazon
78%
#17Gabon-Earth's Last Eden
78%
#5Thailand
78%
#10Palau
77%
#12Panama- Exile Island
77%
#4Marquesas
75%
#21Nicaragua
73%
#22Redemption Island
73%
#9Vanuatu- The Island of Fire
73%
#24One World
72%
#11Guatemala-The Maya Empire
71%
#20Heroes vs Villains
71%
#18Tocantins- The Brazilian Highlands
69%
#23South Pacific
67%

Score Distribution

Percentile by Number Answered

Percent of People with Each Score

Your Score History

You have not taken this quiz